000 00526nam a2200181Ia 4500
005 20260429112037.0
008 260429s9999||||xx |||||||||||||| ||und||
020 _a9781804897768
041 _aEnglish
082 _a519.5
_bJOS
100 _aJoseph, Jacqueline
245 0 _aNew perspectives in statistical modeling /
_cJacqueline Joseph
260 _aUnited Kingdom :
_bBrilliant Publication Ltd. ,
_c2026.
300 _ax, 286 p.; hb
650 _a Applied statistics
650 _aStatistical modeling
942 _cTB
999 _c52056
_d52056